000 00607nam a2200205 a 4500
001 12401
003 CO-ViMGA
008 141112s2004 ck r 000 u spa d
040 _aCO-ViMGA
_bspa
_cCO-ViMGA
082 0 4 _a624.15 P32i
100 1 _aPeck, Ralph B
_917784
245 1 0 _aIngenieria de Cimentaciones
250 _a2
260 _aMexico :
_bLimusa,
_c1988
300 _a557p.
590 _aForma de adquisición : DONACION - - Proveedor : MARIN TRUJILLO - - Fecha de adquisición : SEPTIEMBRE - 2000
650 1 4 _aCIMENTACIONES
_917785
650 1 4 _aMECANICA DE SUELOS
_917786
942 _2ddc
_cBK
999 _c23410
_d23410